[Event "EYCC 2024 - G14"]
[Site "?"]
[Date "2024.08.28"]
[Round "6.1"]
[White "Rudzinskaite, Ula"]
[Black "Ashton, Alannah"]
[Result "0-1"]
[BlackElo "1918"]
[WhiteElo "1677"]
[LiveChessVersion "1.4.8"]

1. d4 {[%clk 1:30:58]} Nf6 {[%clk 1:30:56]} 2. c4 {[%clk 1:31:22]} g6
{[%clk 1:31:22]} 3. Nc3 {[%clk 1:31:46]} d5 {[%clk 1:31:46]} 4. Nf3
{[%clk 1:32:11]} Bg7 {[%clk 1:32:06]} 5. h4 {[%clk 1:32:37]} h5 {[%clk 1:25:41]}
6. Bg5 {[%clk 1:20:21]} Ne4 {[%clk 1:07:17]} 7. Nxd5 {[%clk 1:05:52]} Nxg5
{[%clk 1:07:33]} 8. hxg5 {[%clk 1:04:52]} c5 {[%clk 1:05:40]} 9. e3
{[%clk 0:56:11]} Nc6 {[%clk 1:02:05]} 10. Be2 {[%clk 0:48:48]} Bg4
{[%clk 1:00:29]} 11. O-O {[%clk 0:43:31]} Bxf3 {[%clk 0:57:40]} 12. Bxf3
{[%clk 0:43:54]} cxd4 {[%clk 0:57:41]} 13. exd4 {[%clk 0:44:20]} Nxd4
{[%clk 0:54:27]} 14. Qa4+ {[%clk 0:42:48]} b5 {[%clk 0:46:31]} 15. Qb4
{[%clk 0:38:23]} a5 {[%clk 0:34:15]} 16. Qc5 {[%clk 0:30:59]} Rc8
{[%clk 0:32:10]} 17. Qa7 {[%clk 0:28:39]} Nxf3+ {[%clk 0:28:22]} 18. gxf3
{[%clk 0:29:02]} e6 {[%clk 0:23:41]} 19. Rfe1 {[%clk 0:18:52]} Qxg5+
{[%clk 0:02:33]} 20. Kf1 {[%clk 0:19:19]} Qh4 {[%clk 0:02:14]} 21. Nb6
{[%clk 0:19:07]} Qh3+ {[%clk 0:01:50]} 22. Ke2 {[%clk 0:19:13]} O-O
{[%clk 0:01:04]} 23. Nxc8 {[%clk 0:19:18]} Rxc8 {[%clk 0:01:30]} 24. Rac1
{[%clk 0:14:36]} bxc4 {[%clk 0:00:46]} 25. Qxa5 {[%clk 0:14:19]} Bxb2
{[%clk 0:00:48]} 26. Rc2 {[%clk 0:13:31]} c3 {[%clk 0:00:37]} 27. Rd1
{[%clk 0:12:55]} Qh4 {[%clk 0:00:49]} 28. Qa6 {[%clk 0:11:37]} Rc5
{[%clk 0:01:02]} 29. Qd6 {[%clk 0:05:40]} Qc4+ {[%clk 0:01:26]} 30. Ke1
{[%clk 0:05:36]} Qb5 {[%clk 0:01:14]} 31. f4 {[%clk 0:04:40]} Rc4
{[%clk 0:00:59]} 32. Qd3 {[%clk 0:04:36]} Qc6 {[%clk 0:01:09]} 33. f3
{[%clk 0:03:56]} Rxf4 {[%clk 0:00:56]} 34. Ke2 {[%clk 0:04:00]} Rf5
{[%clk 0:01:01]} 35. Rb1 {[%clk 0:03:54]} Qa4 {[%clk 0:00:41]} 36. Rxc3
{[%clk 0:01:22]} Re5+ {[%clk 0:00:32]} 37. Kf1 {[%clk 0:01:25]} Bxc3
{[%clk 0:00:53]} 38. Qxc3 {[%clk 0:01:44]} Qa6+ {[%clk 0:01:00]} 39. Kg1
{[%clk 0:00:55]} Rg5+ {[%clk 0:00:49]} 40. Kh1 {[%clk 0:01:19]} e5
{[%clk 0:00:53]} 41. Qc5 {[%clk 0:00:53]} Qa8 {[%clk 0:00:40]} 42. Kh2
{[%clk 0:00:41]} Qxa2+ {[%clk 0:01:00]} 43. Kh3 {[%clk 0:00:41]} Qg2+
{[%clk 0:01:00]} 0-1

[Event "EYCC 2024 - G14"]
[Site "?"]
[Date "2024.08.28"]
[Round "6.2"]
[White "Markina, Sofiia"]
[Black "Briem, Gudrun Fanney"]
[Result "0-1"]
[BlackElo "1764"]
[WhiteElo "1864"]
[LiveChessVersion "1.4.8"]

1. e4 {[%clk 1:30:58]} d5 {[%clk 1:30:53]} 2. exd5 {[%clk 1:31:24]} Qxd5
{[%clk 1:31:16]} 3. Nc3 {[%clk 1:31:48]} Qd6 {[%clk 1:31:37]} 4. d4
{[%clk 1:32:08]} Nf6 {[%clk 1:31:47]} 5. Nf3 {[%clk 1:32:02]} c6 {[%clk 1:32:09]}
6. Ne5 {[%clk 1:32:07]} Nbd7 {[%clk 1:32:26]} 7. f4 {[%clk 1:30:54]} Nb6
{[%clk 1:30:21]} 8. Be2 {[%clk 1:25:49]} g6 {[%clk 1:30:40]} 9. O-O
{[%clk 1:25:48]} Bg7 {[%clk 1:30:54]} 10. g4 {[%clk 1:23:29]} O-O
{[%clk 1:23:33]} 11. g5 {[%clk 1:13:55]} Nfd7 {[%clk 1:19:35]} 12. Ne4
{[%clk 1:14:04]} Qc7 {[%clk 1:19:07]} 13. c3 {[%clk 1:03:06]} Nxe5
{[%clk 1:12:10]} 14. fxe5 {[%clk 0:58:34]} Bf5 {[%clk 1:09:14]} 15. Ng3
{[%clk 0:57:36]} Be6 {[%clk 1:06:25]} 16. h4 {[%clk 0:45:45]} Rad8
{[%clk 1:04:42]} 17. Qe1 {[%clk 0:45:31]} c5 {[%clk 1:02:17]} 18. Qf2
{[%clk 0:31:03]} cxd4 {[%clk 0:50:32]} 19. cxd4 {[%clk 0:31:25]} Qc2
{[%clk 0:48:35]} 20. b3 {[%clk 0:27:41]} Qc3 {[%clk 0:37:24]} 21. Ba3
{[%clk 0:27:52]} Rd7 {[%clk 0:21:40]} 22. Bc5 {[%clk 0:23:06]} Nd5
{[%clk 0:12:28]} 23. Bb5 {[%clk 0:19:05]} Rc7 {[%clk 0:11:33]} 24. Rae1
{[%clk 0:17:28]} Rxc5 {[%clk 0:04:41]} 25. Ne4 {[%clk 0:14:21]} Qa5
{[%clk 0:02:59]} 26. dxc5 {[%clk 0:14:26]} Qxb5 {[%clk 0:03:06]} 27. Nf6+
{[%clk 0:14:15]} exf6 {[%clk 0:02:49]} 28. exf6 {[%clk 0:14:41]} Rc8
{[%clk 0:02:12]} 29. Rxe6 {[%clk 0:13:03]} fxe6 {[%clk 0:01:34]} 30. Kh1
{[%clk 0:11:02]} Qxc5 {[%clk 0:01:04]} 31. Qe2 {[%clk 0:08:04]} Qc6
{[%clk 0:01:01]} 32. Kg1 {[%clk 0:07:22]} Qc5+ {[%clk 0:01:09]} 33. Rf2
{[%clk 0:06:53]} Qe3 {[%clk 0:01:21]} 34. Qb2 {[%clk 0:06:54]} Qc1+
{[%clk 0:01:14]} 0-1

[Event "EYCC 2024 - G14"]
[Site "?"]
[Date "2024.08.28"]
[Round "6.3"]
[White "Gunasti, Latife Yade"]
[Black "Wieczorek, Maja"]
[Result "1/2-1/2"]
[BlackElo "1818"]
[WhiteElo "1704"]
[LiveChessVersion "1.4.8"]

1. d4 {[%clk 1:30:59]} Nf6 {[%clk 1:30:56]} 2. c4 {[%clk 1:31:05]} g6
{[%clk 1:31:19]} 3. Nc3 {[%clk 1:31:20]} Bg7 {[%clk 1:31:28]} 4. e4
{[%clk 1:31:16]} d6 {[%clk 1:30:59]} 5. f3 {[%clk 1:30:54]} O-O {[%clk 1:30:47]}
6. Be3 {[%clk 1:30:29]} e5 {[%clk 1:29:57]} 7. d5 {[%clk 1:27:19]} a5
{[%clk 1:29:03]} 8. Qd2 {[%clk 1:25:40]} Na6 {[%clk 1:24:18]} 9. g4
{[%clk 1:21:14]} Nc5 {[%clk 1:20:34]} 10. h4 {[%clk 1:12:51]} h5 {[%clk 1:14:06]}
11. gxh5 {[%clk 1:11:33]} Nxh5 {[%clk 1:14:21]} 12. Nge2 {[%clk 1:11:11]} f5
{[%clk 0:35:07]} 13. Bg5 {[%clk 1:07:18]} Qe8 {[%clk 0:30:14]} 14. Rg1
{[%clk 1:00:28]} f4 {[%clk 0:25:29]} 15. Nc1 {[%clk 0:55:35]} b6 {[%clk 0:18:31]}
16. Nd3 {[%clk 0:46:22]} Kh7 {[%clk 0:16:21]} 17. Nf2 {[%clk 0:41:06]} Bd7
{[%clk 0:15:40]} 18. Bh3 {[%clk 0:35:44]} Bxh3 {[%clk 0:15:00]} 19. Nxh3
{[%clk 0:36:09]} Qd7 {[%clk 0:10:08]} 20. Nf2 {[%clk 0:33:49]} Rab8
{[%clk 0:08:32]} 21. Nb5 {[%clk 0:32:05]} Ra8 {[%clk 0:06:44]} 22. b3
{[%clk 0:26:52]} Rf7 {[%clk 0:05:54]} 23. Rg2 {[%clk 0:23:36]} Rff8
{[%clk 0:04:44]} 24. O-O-O {[%clk 0:19:43]} Na6 {[%clk 0:03:25]} 25. Rdg1
{[%clk 0:16:25]} Nb4 {[%clk 0:03:03]} 26. Kb1 {[%clk 0:15:54]} Rf7
{[%clk 0:02:04]} 27. Kc1 {[%clk 0:06:43]} 1/2-1/2

[Event "EYCC 2024 - G14"]
[Site "?"]
[Date "2024.08.28"]
[Round "6.4"]
[White "Koghuashvili, Tekla"]
[Black "Kurnaz, Duru"]
[Result "1-0"]
[BlackElo "1624"]
[WhiteElo "1805"]
[LiveChessVersion "1.4.8"]

1. d4 {[%clk 1:30:59]} d5 {[%clk 1:30:55]} 2. c4 {[%clk 1:31:24]} e6
{[%clk 1:31:18]} 3. Nf3 {[%clk 1:31:48]} Nf6 {[%clk 1:31:35]} 4. g3
{[%clk 1:32:11]} Be7 {[%clk 1:31:45]} 5. Bg2 {[%clk 1:32:36]} O-O
{[%clk 1:32:04]} 6. O-O {[%clk 1:33:01]} b6 {[%clk 1:32:07]} 7. cxd5
{[%clk 1:32:34]} exd5 {[%clk 1:31:50]} 8. Nc3 {[%clk 1:30:28]} Bb7
{[%clk 1:29:49]} 9. Qb3 {[%clk 1:28:39]} Re8 10. Rd1 {[%clk 1:25:09]} Bd6
{[%clk 1:04:37]} 11. Bg5 {[%clk 1:22:58]} c6 {[%clk 1:01:06]} 12. e4
{[%clk 1:17:26]} dxe4 {[%clk 0:56:28]} 13. Ne5 {[%clk 1:17:45]} Qe7
{[%clk 0:50:40]} 14. Nxe4 {[%clk 1:15:34]} Bxe5 {[%clk 0:42:03]} 15. dxe5
{[%clk 1:15:56]} Qxe5 {[%clk 0:41:52]} 16. Bf4 {[%clk 1:05:18]} Qe7
{[%clk 0:31:45]} 17. Nd6 {[%clk 1:03:44]} Rf8 {[%clk 0:28:57]} 18. Re1
{[%clk 0:59:32]} Qd7 {[%clk 0:28:19]} 19. Rad1 {[%clk 0:57:54]} Nd5
{[%clk 0:27:18]} 20. Nxb7 {[%clk 0:55:34]} Qxb7 {[%clk 0:27:35]} 21. Bxd5
{[%clk 0:55:39]} cxd5 {[%clk 0:27:57]} 22. Bd6 {[%clk 0:56:03]} Rd8
{[%clk 0:21:04]} 23. Re7 {[%clk 0:56:10]} Qc6 {[%clk 0:19:06]} 24. Rxd5
{[%clk 0:54:41]} Rf8 {[%clk 0:01:35]} 25. Rc7 {[%clk 0:54:54]} Qe8
{[%clk 0:01:50]} 26. Re5 {[%clk 0:54:34]} Qd8 {[%clk 0:01:46]} 27. Bxf8
{[%clk 0:54:12]} Qxc7 {[%clk 0:01:56]} 28. Re7 {[%clk 0:54:11]} Qc1+
{[%clk 0:02:17]} 29. Kg2 {[%clk 0:54:35]} Qc6+ {[%clk 0:02:36]} 30. f3
{[%clk 0:54:39]} Qg6 {[%clk 0:02:01]} 31. Re8 {[%clk 0:54:38]} Qc6
{[%clk 0:01:42]} 32. Qc3 {[%clk 0:54:36]} 1-0

[Event "EYCC 2024 - G14"]
[Site "?"]
[Date "2024.08.28"]
[Round "6.5"]
[White "Wagner, Cosima Thien-An"]
[Black "Li, Anna Sofie"]
[Result "1/2-1/2"]
[BlackElo "2032"]
[WhiteElo "1766"]
[LiveChessVersion "1.4.8"]

1. c4 {[%clk 1:30:59]} e6 {[%clk 1:30:52]} 2. g3 {[%clk 1:31:19]} d5
{[%clk 1:31:13]} 3. Bg2 {[%clk 1:31:38]} Nf6 {[%clk 1:31:26]} 4. Nf3
{[%clk 1:31:59]} dxc4 {[%clk 1:31:38]} 5. Qa4+ {[%clk 1:32:18]} Bd7
{[%clk 1:32:00]} 6. Qxc4 {[%clk 1:32:42]} c5 {[%clk 1:31:44]} 7. O-O
{[%clk 1:32:20]} Nc6 {[%clk 1:28:18]} 8. d3 {[%clk 1:30:05]} Be7 {[%clk 1:24:17]}
9. a3 {[%clk 1:26:37]} O-O {[%clk 1:20:41]} 10. Qc2 {[%clk 1:23:27]} Rc8
{[%clk 1:14:55]} 11. e3 {[%clk 1:15:11]} e5 {[%clk 1:05:28]} 12. Nc3
{[%clk 1:13:43]} h6 {[%clk 0:55:48]} 13. Nd2 {[%clk 1:03:07]} Be6
{[%clk 0:50:50]} 14. Nce4 {[%clk 0:52:48]} Nd7 {[%clk 0:39:54]} 15. Nc4
{[%clk 0:45:42]} b5 {[%clk 0:31:35]} 16. Ncd6 {[%clk 0:39:59]} Rb8
{[%clk 0:31:14]} 17. b4 {[%clk 0:20:33]} cxb4 {[%clk 0:23:31]} 18. Qxc6
{[%clk 0:17:58]} Rb6 {[%clk 0:23:42]} 19. Nb7 {[%clk 0:09:01]} Qb8
{[%clk 0:17:07]} 20. Qc2 {[%clk 0:08:22]} Rxb7 {[%clk 0:16:23]} 21. axb4
{[%clk 0:07:20]} Bxb4 {[%clk 0:15:41]} 22. Qb2 {[%clk 0:06:19]} a5
{[%clk 0:14:52]} 23. Bd2 {[%clk 0:06:03]} Bxd2 {[%clk 0:14:23]} 24. Qxd2
{[%clk 0:05:57]} a4 {[%clk 0:14:11]} 25. Qb4 {[%clk 0:05:36]} Rb6
{[%clk 0:12:08]} 26. Rfb1 {[%clk 0:05:28]} Bd5 {[%clk 0:08:30]} 27. Nc5
{[%clk 0:03:41]} Nxc5 {[%clk 0:06:12]} 28. Bxd5 {[%clk 0:03:38]} Na6
{[%clk 0:06:15]} 29. Qb2 {[%clk 0:03:48]} Qd6 {[%clk 0:05:30]} 30. Bc4
{[%clk 0:01:52]} Rfb8 {[%clk 0:04:23]} 31. Ba2 {[%clk 0:02:02]} b4
{[%clk 0:03:26]} 32. Bc4 {[%clk 0:01:58]} Nc5 {[%clk 0:02:34]} 33. d4
{[%clk 0:02:11]} a3 {[%clk 0:02:19]} 34. Qa2 {[%clk 0:01:36]} exd4
{[%clk 0:01:34]} 35. Bxf7+ {[%clk 0:01:55]} Kf8 {[%clk 0:01:40]} 36. exd4
{[%clk 0:01:24]} Ne4 {[%clk 0:01:32]} 37. Bh5 {[%clk 0:00:48]} Qf6
{[%clk 0:01:10]} 38. Rb3 {[%clk 0:00:59]} Qxd4 {[%clk 0:00:57]} 39. Rxb4
{[%clk 0:00:50]} Qxa1+ {[%clk 0:00:45]} 40. Qxa1 {[%clk 0:01:10]} Rxb4
{[%clk 0:01:09]} 41. Qxa3 {[%clk 0:01:23]} Kg8 {[%clk 0:01:19]} 42. Qa2+
{[%clk 0:01:25]} Kh8 {[%clk 0:01:28]} 43. Qa7 {[%clk 0:00:37]} Rb1+
{[%clk 0:01:37]} 44. Kg2 {[%clk 0:01:02]} R1b2 {[%clk 0:01:31]} 45. h4
{[%clk 0:00:37]} Rxf2+ {[%clk 0:01:04]} 46. Kh3 {[%clk 0:01:03]} Rfb2
{[%clk 0:00:43]} 47. Bg6 {[%clk 0:00:49]} Nf2+ {[%clk 0:00:51]} 48. Kg2
{[%clk 0:01:14]} Ng4+ {[%clk 0:00:41]} 49. Kh3 {[%clk 0:01:39]} Nf6
{[%clk 0:00:43]} 50. Qf7 {[%clk 0:01:10]} Re2 {[%clk 0:00:40]} 51. Qc7
{[%clk 0:01:08]} 1/2-1/2

[Event "EYCC 2024 - G14"]
[Site "?"]
[Date "2024.08.28"]
[Round "6.6"]
[White "Li, Stella"]
[Black "Derlich, Sarah Sima"]
[Result "0-1"]
[BlackElo "1982"]
[WhiteElo "1665"]
[LiveChessVersion "1.4.8"]

1. e4 {[%clk 1:30:57]} c5 {[%clk 1:30:49]} 2. Nf3 {[%clk 1:31:00]} d6
{[%clk 1:31:12]} 3. d4 {[%clk 1:31:24]} cxd4 {[%clk 1:31:34]} 4. Nxd4
{[%clk 1:31:48]} Nf6 {[%clk 1:31:58]} 5. Bd3 {[%clk 1:32:03]} e5 {[%clk 1:31:05]}
6. Ne2 {[%clk 1:31:50]} Be7 {[%clk 1:31:08]} 7. O-O {[%clk 1:32:13]} O-O
{[%clk 1:31:14]} 8. Nbc3 {[%clk 1:31:14]} a6 {[%clk 1:30:25]} 9. Be3
{[%clk 1:26:29]} Be6 {[%clk 1:30:21]} 10. f3 {[%clk 1:11:05]} Nbd7
{[%clk 1:24:21]} 11. Ng3 {[%clk 1:10:04]} g6 {[%clk 1:24:38]} 12. Kh1
{[%clk 1:02:23]} Re8 {[%clk 1:21:01]} 13. Qe2 {[%clk 0:59:33]} Bf8
{[%clk 1:15:46]} 14. Qf2 {[%clk 0:53:33]} Rc8 {[%clk 1:08:56]} 15. Rfd1
{[%clk 0:42:17]} Nc5 {[%clk 1:05:54]} 16. Be2 {[%clk 0:38:55]} Bg7
{[%clk 0:48:57]} 17. Bf1 {[%clk 0:29:00]} Qc7 {[%clk 0:45:39]} 18. Bxc5
{[%clk 0:27:18]} dxc5 {[%clk 0:42:00]} 19. Nd5 {[%clk 0:22:01]} Bxd5
{[%clk 0:37:55]} 20. exd5 {[%clk 0:22:22]} e4 {[%clk 0:36:19]} 21. c3
{[%clk 0:19:18]} e3 {[%clk 0:27:21]} 22. Qc2 {[%clk 0:18:43]} c4 {[%clk 0:27:24]}
23. Ne4 {[%clk 0:18:24]} Nxe4 {[%clk 0:26:57]} 24. fxe4 {[%clk 0:18:47]} Qf4
{[%clk 0:26:22]} 25. d6 {[%clk 0:16:55]} Rxe4 {[%clk 0:24:49]} 26. Be2
{[%clk 0:14:39]} Re6 {[%clk 0:19:25]} 27. d7 {[%clk 0:11:17]} Rd8
{[%clk 0:19:32]} 28. Bf3 {[%clk 0:09:36]} Be5 {[%clk 0:19:47]} 29. Kg1
{[%clk 0:09:04]} e2 {[%clk 0:14:31]} 30. Bxe2 {[%clk 0:05:22]} Qxh2+
{[%clk 0:14:52]} 31. Kf1 {[%clk 0:05:17]} Bg3 {[%clk 0:15:09]} 32. Bxc4
{[%clk 0:03:00]} Qh1# {[%clk 0:15:00]} 0-1

[Event "EYCC 2024 - G14"]
[Site "?"]
[Date "2024.08.28"]
[Round "6.7"]
[White "Lajdamik, Kinga"]
[Black "Slivova, Linda"]
[Result "1/2-1/2"]
[BlackElo "1963"]
[WhiteElo "1697"]
[LiveChessVersion "1.4.8"]

1. e4 {[%clk 1:30:59]} d5 {[%clk 1:30:53]} 2. exd5 {[%clk 1:31:23]} Qxd5
{[%clk 1:31:16]} 3. Nc3 {[%clk 1:31:46]} Qd6 {[%clk 1:31:40]} 4. d4
{[%clk 1:32:09]} Nf6 {[%clk 1:31:59]} 5. Nf3 {[%clk 1:32:31]} c6 {[%clk 1:32:17]}
6. g3 {[%clk 1:32:52]} Bg4 {[%clk 1:32:20]} 7. Bg2 {[%clk 1:33:15]} e6
{[%clk 1:32:14]} 8. O-O {[%clk 1:33:35]} Qc7 {[%clk 1:32:20]} 9. h3
{[%clk 1:29:16]} Bh5 {[%clk 1:31:04]} 10. g4 {[%clk 1:29:39]} Bg6
{[%clk 1:31:12]} 11. Ne5 {[%clk 1:30:03]} Nd5 {[%clk 1:20:00]} 12. f4
{[%clk 1:23:42]} f6 {[%clk 1:15:36]} 13. Nxg6 {[%clk 1:23:41]} hxg6
{[%clk 1:15:46]} 14. Nxd5 {[%clk 1:22:45]} exd5 {[%clk 1:11:52]} 15. Re1+
{[%clk 1:18:34]} Kf7 {[%clk 1:08:46]} 16. c4 {[%clk 1:14:28]} Bb4
{[%clk 0:38:11]} 17. Bd2 {[%clk 1:11:47]} Bxd2 {[%clk 0:38:10]} 18. Qxd2
{[%clk 1:12:12]} Rd8 {[%clk 0:36:49]} 19. cxd5 {[%clk 1:12:09]} cxd5
{[%clk 0:36:28]} 20. Rac1 {[%clk 1:12:29]} Qb6 {[%clk 0:29:34]} 21. Qe3
{[%clk 1:06:54]} Na6 {[%clk 0:22:44]} 22. Re2 {[%clk 0:55:16]} Rd7
{[%clk 0:18:33]} 23. Rce1 {[%clk 0:54:01]} Nc7 {[%clk 0:18:16]} 24. f5
{[%clk 0:44:23]} g5 {[%clk 0:15:23]} 25. Qd2 {[%clk 0:38:45]} Re8
{[%clk 0:15:12]} 26. Rxe8 {[%clk 0:37:59]} Nxe8 {[%clk 0:15:39]} 27. Re6
{[%clk 0:36:11]} Qb5 {[%clk 0:14:56]} 28. Bf1 {[%clk 0:36:05]} Qa4
{[%clk 0:14:50]} 29. b3 {[%clk 0:36:29]} Qa3 {[%clk 0:15:05]} 30. Bb5
{[%clk 0:36:44]} Re7 {[%clk 0:13:59]} 31. Rxe7+ {[%clk 0:18:57]} Qxe7
{[%clk 0:14:10]} 32. Qe2 {[%clk 0:19:17]} Nd6 {[%clk 0:10:31]} 33. Qxe7+
{[%clk 0:17:48]} Kxe7 {[%clk 0:10:57]} 34. Bd3 {[%clk 0:18:13]} Ne4
{[%clk 0:06:09]} 35. Kf1 {[%clk 0:17:09]} Nc3 {[%clk 0:05:54]} 36. a3
{[%clk 0:16:18]} Ne4 {[%clk 0:06:17]} 37. Ke2 {[%clk 0:15:08]} Nd6
{[%clk 0:06:12]} 38. Kd2 {[%clk 0:13:22]} Kd7 {[%clk 0:06:06]} 39. Kc3
{[%clk 0:12:16]} Kc6 {[%clk 0:06:03]} 40. Kb4 {[%clk 0:11:57]} Kb6
{[%clk 0:03:44]} 41. a4 {[%clk 0:12:04]} a5+ {[%clk 0:04:02]} 42. Kc3
{[%clk 0:12:17]} Kc6 {[%clk 0:03:50]} 43. b4 {[%clk 0:12:26]} b6 {[%clk 0:04:10]}
44. b5+ {[%clk 0:12:38]} Kd7 {[%clk 0:04:32]} 45. Kd2 {[%clk 0:12:41]} Ke7
{[%clk 0:04:13]} 46. Bc2 {[%clk 0:12:50]} Ne8 {[%clk 0:01:25]} 47. Bd3
{[%clk 0:13:12]} Nd6 {[%clk 0:01:48]} 1/2-1/2

[Event "EYCC 2024 - G14"]
[Site "?"]
[Date "2024.08.28"]
[Round "6.8"]
[White "Trunz, Tamila"]
[Black "Roebers, Bregje"]
[Result "1-0"]
[BlackElo "1796"]
[WhiteElo "1962"]
[LiveChessVersion "1.4.8"]

1. e4 {[%clk 1:30:56]} d6 {[%clk 1:30:39]} 2. d4 {[%clk 1:30:57]} Nf6
{[%clk 1:30:34]} 3. Nc3 {[%clk 1:30:18]} g6 {[%clk 1:30:20]} 4. Bg5
{[%clk 1:29:43]} c6 {[%clk 1:22:55]} 5. Bxf6 {[%clk 1:22:55]} exf6
{[%clk 1:22:03]} 6. Bc4 {[%clk 1:18:20]} Be7 {[%clk 1:11:42]} 7. f4
{[%clk 0:45:57]} f5 {[%clk 1:02:16]} 8. e5 {[%clk 0:44:36]} Nd7 {[%clk 0:46:36]}
9. Nf3 {[%clk 0:41:02]} Nb6 {[%clk 0:44:38]} 10. Bb3 {[%clk 0:39:06]} dxe5
{[%clk 0:35:21]} 11. fxe5 {[%clk 0:34:37]} Be6 {[%clk 0:32:27]} 12. Qe2
{[%clk 0:32:47]} Qc7 {[%clk 0:27:07]} 13. O-O-O {[%clk 0:29:53]} O-O
{[%clk 0:23:16]} 14. Nd2 {[%clk 0:22:18]} a5 {[%clk 0:22:36]} 15. g4
{[%clk 0:21:45]} a4 {[%clk 0:21:31]} 16. Bxe6 {[%clk 0:21:48]} fxe6
{[%clk 0:21:51]} 17. gxf5 {[%clk 0:20:24]} exf5 {[%clk 0:21:49]} 18. Nc4
{[%clk 0:19:46]} Nd5 {[%clk 0:20:46]} 19. Ne3 {[%clk 0:19:12]} Qa5
{[%clk 0:19:32]} 20. Nexd5 {[%clk 0:19:09]} cxd5 {[%clk 0:19:37]} 21. Qb5
{[%clk 0:17:50]} Qxb5 {[%clk 0:19:14]} 22. Nxb5 {[%clk 0:18:17]} Ra5
{[%clk 0:17:49]} 23. Nc3 {[%clk 0:17:58]} g5 {[%clk 0:16:54]} 24. Kd2
{[%clk 0:17:19]} g4 {[%clk 0:16:00]} 25. Rhg1 {[%clk 0:16:29]} h5
{[%clk 0:15:36]} 26. h3 {[%clk 0:15:18]} Kg7 {[%clk 0:14:00]} 27. Ne2
{[%clk 0:15:12]} Bg5+ {[%clk 0:13:51]} 28. Kd3 {[%clk 0:15:17]} Kg6
{[%clk 0:09:19]} 29. Rdf1 {[%clk 0:15:01]} Rb5 {[%clk 0:08:00]} 30. b3
{[%clk 0:11:54]} axb3 {[%clk 0:07:59]} 31. axb3 {[%clk 0:12:20]} Ra8
{[%clk 0:07:13]} 32. Rg2 {[%clk 0:10:21]} Ra3 {[%clk 0:06:29]} 33. Rgf2
{[%clk 0:09:54]} h4 {[%clk 0:01:53]} 34. Rxf5 {[%clk 0:09:31]} gxh3
{[%clk 0:01:16]} 35. R5f3 {[%clk 0:07:00]} Kh5 {[%clk 0:01:14]} 36. Rxh3
{[%clk 0:06:48]} Kg4 {[%clk 0:01:17]} 37. Rh2 {[%clk 0:06:46]} Ra8
{[%clk 0:01:14]} 38. Rg2+ {[%clk 0:06:36]} Kh5 {[%clk 0:01:19]} 39. Rf5
{[%clk 0:06:55]} Rg8 {[%clk 0:01:21]} 40. Nf4+ {[%clk 0:07:09]} Kh6
{[%clk 0:01:22]} 41. Nh3 {[%clk 0:07:29]} 1-0

[Event "EYCC 2024 - G14"]
[Site "?"]
[Date "2024.08.28"]
[Round "6.9"]
[White "Bauer, Laura Sophie"]
[Black "Timagina, Sofia"]
[Result "1-0"]
[BlackElo "1749"]
[WhiteElo "1943"]
[LiveChessVersion "1.4.8"]

1. e4 {[%clk 1:30:57]} e5 {[%clk 1:30:55]} 2. Nf3 {[%clk 1:31:22]} Nc6
{[%clk 1:31:19]} 3. Bc4 {[%clk 1:31:47]} Bc5 {[%clk 1:31:42]} 4. c3
{[%clk 1:32:11]} Nf6 {[%clk 1:32:03]} 5. d4 {[%clk 1:32:29]} exd4
{[%clk 1:31:59]} 6. e5 {[%clk 1:32:45]} d5 {[%clk 1:32:21]} 7. Bb5
{[%clk 1:33:09]} Ne4 {[%clk 1:32:33]} 8. cxd4 {[%clk 1:33:29]} Bb6
{[%clk 1:32:39]} 9. Nc3 {[%clk 1:33:37]} O-O {[%clk 1:31:37]} 10. Be3
{[%clk 1:33:50]} f6 {[%clk 1:05:39]} 11. Bxc6 {[%clk 1:22:03]} Nxc3
{[%clk 1:00:21]} 12. bxc3 {[%clk 1:22:16]} bxc6 {[%clk 1:00:42]} 13. exf6
{[%clk 1:21:54]} Qxf6 {[%clk 0:58:12]} 14. Ne5 {[%clk 1:18:06]} c5
{[%clk 0:51:02]} 15. O-O {[%clk 1:12:44]} cxd4 {[%clk 0:48:22]} 16. cxd4
{[%clk 1:12:53]} Ba6 {[%clk 0:42:55]} 17. Nd7 {[%clk 1:09:10]} Qf5
{[%clk 0:42:06]} 18. Nxf8 {[%clk 1:09:06]} Bxf1 {[%clk 0:41:39]} 19. Qxf1
{[%clk 1:07:26]} Rxf8 {[%clk 0:41:50]} 20. Qb5 {[%clk 1:04:30]} Qe4
{[%clk 0:36:47]} 21. Rd1 {[%clk 1:00:47]} Rf6 {[%clk 0:34:27]} 22. a4
{[%clk 0:54:52]} Rg6 {[%clk 0:31:42]} 23. g3 {[%clk 0:54:35]} c6 {[%clk 0:27:18]}
24. Qa6 {[%clk 0:51:02]} Qe7 {[%clk 0:18:45]} 25. Rb1 {[%clk 0:41:09]} Qa3
{[%clk 0:16:33]} 26. Bd2 {[%clk 0:33:18]} Rf6 {[%clk 0:12:10]} 27. Bb4
{[%clk 0:31:14]} Qa2 {[%clk 0:11:21]} 28. Qc8+ {[%clk 0:30:42]} Kf7
{[%clk 0:11:43]} 29. Qf8+ {[%clk 0:28:15]} Kg6 {[%clk 0:11:43]} 30. Qe8+
{[%clk 0:28:38]} Kh6 {[%clk 0:09:36]} 31. Qe3+ {[%clk 0:28:40]} Kg6
{[%clk 0:08:24]} 32. Re1 {[%clk 0:27:29]} Qc4 {[%clk 0:04:48]} 33. Qe8+
{[%clk 0:26:53]} Kh6 {[%clk 0:04:06]} 34. Bd2+ {[%clk 0:27:16]} g5
{[%clk 0:04:27]} 35. Qe5 {[%clk 0:25:30]} Rg6 {[%clk 0:03:59]} 36. h4
{[%clk 0:15:39]} Qxd4 {[%clk 0:02:40]} 37. Bxg5+ {[%clk 0:14:24]} Kh5
{[%clk 0:03:02]} 38. Bf4+ {[%clk 0:13:52]} Qxe5 {[%clk 0:02:27]} 39. Rxe5+
{[%clk 0:14:15]} Kg4 {[%clk 0:02:51]} 40. Kg2 {[%clk 0:14:38]} Bxf2
{[%clk 0:02:18]} 41. Kxf2 {[%clk 0:15:04]} d4 {[%clk 0:02:31]} 42. Ke2
{[%clk 0:14:57]} Rg7 {[%clk 0:02:25]} 43. Kd3 {[%clk 0:15:10]} Rb7
{[%clk 0:02:03]} 44. a5 {[%clk 0:14:54]} Rd7 {[%clk 0:01:58]} 45. Rc5
{[%clk 0:15:14]} Rb7 {[%clk 0:01:30]} 46. Kxd4 {[%clk 0:15:19]} Rb4+
{[%clk 0:01:38]} 47. Rc4 {[%clk 0:15:16]} Rb5 {[%clk 0:01:56]} 48. Bc7
{[%clk 0:15:39]} Rd5+ {[%clk 0:02:06]} 49. Kc3+ {[%clk 0:15:52]} Kf5
{[%clk 0:01:45]} 50. Rxc6 {[%clk 0:16:03]} h5 {[%clk 0:01:51]} 51. Kc4
{[%clk 0:16:09]} Rd7 {[%clk 0:01:59]} 52. Kb5 {[%clk 0:16:17]} 1-0

[Event "EYCC 2024 - G14"]
[Site "?"]
[Date "2024.08.28"]
[Round "6.10"]
[White "Krysiewicz, Zofia"]
[Black "Biro, Beata"]
[Result "0-1"]
[BlackElo "1926"]
[WhiteElo "1650"]
[LiveChessVersion "1.4.8"]

1. e4 {[%clk 1:30:57]} c5 {[%clk 1:30:54]} 2. Nf3 {[%clk 1:31:18]} Nc6
{[%clk 1:31:12]} 3. d4 {[%clk 1:31:38]} cxd4 {[%clk 1:31:24]} 4. Nxd4
{[%clk 1:32:03]} Nf6 {[%clk 1:31:12]} 5. Nc3 {[%clk 1:32:26]} e5 {[%clk 1:31:13]}
6. Ndb5 {[%clk 1:32:29]} d6 {[%clk 1:30:54]} 7. Nd5 {[%clk 1:32:34]} Nxd5
{[%clk 1:30:29]} 8. exd5 {[%clk 1:33:00]} Ne7 {[%clk 1:30:22]} 9. c3
{[%clk 1:33:04]} Nf5 {[%clk 1:29:33]} 10. a4 {[%clk 1:33:06]} g6 {[%clk 1:29:02]}
11. Bd3 {[%clk 1:31:16]} Bg7 {[%clk 1:27:47]} 12. O-O {[%clk 1:27:59]} O-O
{[%clk 1:25:52]} 13. Bd2 {[%clk 1:16:07]} a6 {[%clk 1:24:06]} 14. Na3
{[%clk 1:16:14]} Ne7 {[%clk 1:21:39]} 15. c4 {[%clk 1:12:08]} f5 {[%clk 1:20:35]}
16. Qc1 {[%clk 1:06:06]} f4 {[%clk 1:17:10]} 17. a5 {[%clk 0:53:41]} Nf5
{[%clk 1:10:23]} 18. Be4 {[%clk 0:51:43]} Nd4 {[%clk 1:06:20]} 19. Qd1
{[%clk 0:50:30]} Bf5 {[%clk 1:02:51]} 20. f3 {[%clk 0:46:36]} Qh4
{[%clk 0:54:19]} 21. Be1 {[%clk 0:39:42]} Qh5 {[%clk 0:49:38]} 22. b4
{[%clk 0:35:36]} Bxe4 {[%clk 0:49:12]} 23. fxe4 {[%clk 0:33:46]} f3
{[%clk 0:48:51]} 24. g3 {[%clk 0:33:23]} Ne2+ {[%clk 0:48:07]} 25. Kh1
{[%clk 0:33:28]} Qh3 {[%clk 0:48:07]} 26. Rf2 {[%clk 0:31:21]} Nxg3+
{[%clk 0:47:56]} 27. Kg1 {[%clk 0:31:45]} Nxe4 {[%clk 0:47:19]} 28. Rc2
{[%clk 0:31:30]} Bh6 {[%clk 0:46:52]} 29. Qd3 {[%clk 0:31:11]} f2+
{[%clk 0:46:58]} 0-1